Personnes connues #2 - Statistiques

Statistiques générales
  • Ce quiz a été pris 467 fois
  • Le résultat moyen est 8 sur 12
Statistiques - réponses
Par images Réponse % Correct
Omar Sy
95%
Donald Trump
93%
Lionel Messi
89%
Lady Gaga
78%
Taylor Swift
76%
Marilyn Monroe
71%
Rafael Nadal
70%
Edouard Philippe
67%
Mark Zuckerberg
67%
Louis XVI
48%
J.K. Rowling
32%
Denis Diderot
11%
Aucun quiz correspondant
Distribution des résultats
% des personnes avec chaque résultat
Percentile par nombre de réponses
Votre historique - résultats
Vous n’avez pas pris ce quiz